| 000 | 01223cam a22002534a 4500 | ||
|---|---|---|---|
| 005 | 20250605164252.0 | ||
| 008 | 250528s ||||||||||||||||||||||||d | ||
| 035 | _a21796 | ||
| 020 | _a9789603684114 | ||
| 040 |
_aGR-AtMCL _bgre _dGR-AtMCL _eAACR2 |
||
| 245 | 1 | _aΟΜΑΔΙΚΗ ΘΕΡΑΠΕΙΑ ΓΙΑ ΚΑΤΑΧΡΗΣΗ ΟΥΣΙΩΝ | |
| 250 | _a1 | ||
| 260 |
_bΕρευνητές, _c2008 |
||
| 300 | _a268 | ||
| 505 | 0 | _aΠΩΣ ΝΑ ΒΟΗΘΗΣΕΤΕ ΤΟΥΣ ΑΝΘΡΩΠΟΥΣ ΝΑ ΑΛΛΑΞΟΥΝ ΟΤΑΝ Ο ΠΕΛΑΤΗΣ ΣΚΕΦΤΕΤΑΙ ΝΑ ΑΛΛΑΞΕΙ ΤΗ ΧΡΗΣΗ ΟΥΣΙΩΝ ΟΤΑΝ Ο ΠΕΛΑΤΗΣ ΚΑΝΕΙ ΑΛΛΑΓΕΣ ΣΕ ΣΧΕΣΗ ΜΕ ΤΗ ΧΡΗΣΗ ΟΥΣΙΩΝ | |
| 520 | _aΠΩΣ ΝΑ ΒΟΗΘΗΣΕΤΕ ΤΟΥΣ ΑΝΘΡΩΠΟΥΣ ΝΑ ΑΛΛΑΞΟΥΝ ΟΤΑΝ Ο ΠΕΛΑΤΗΣ ΣΚΕΦΤΕΤΑΙ ΝΑ ΑΛΛΑΞΕΙ ΤΗ ΧΡΗΣΗ ΟΥΣΙΩΝ ΟΤΑΝ Ο ΠΕΛΑΤΗΣ ΚΑΝΕΙ ΑΛΛΑΓΕΣ ΣΕ ΣΧΕΣΗ ΜΕ ΤΗ ΧΡΗΣΗ ΟΥΣΙΩΝ | ||
| 700 | 1 |
_aCrouch Cathy _97712 |
|
| 700 | 1 |
_aDiclemente Carlo C _96314 |
|
| 700 | 1 |
_aMaurer Gaylin Gaddy _97713 |
|
| 700 | 1 |
_aVelasquez Mary Marden _97714 |
|
| 942 | _cBK | ||
| 999 |
_c6855 _d6855 |
||